Mitos y leyendas de los Mayas
Na minha lista:
| Autor principal: | |
|---|---|
| Formato: | Livro |
| Idioma: | espanhol |
| Publicado em: |
Barcelona
Edicomunicación
1998
|
| Colecção: | Colección Olimpo
|
| Assuntos: | |
| Tags: |
Adicionar Tag
Sem tags, seja o primeiro a adicionar uma tag!
|
MARC
| LEADER | 00000nam a2200000 a 4500 | ||
|---|---|---|---|
| 001 | UCP3149 | ||
| 003 | CL-VaPUC | ||
| 008 | 990611e19980000SP |||||||||||||||||spa|d | ||
| 082 | 0 | 4 | |a 972.00497 |b AYA |2 21 |
| 100 | 0 | |a Ayala, R. R |e author |9 430314 | |
| 245 | 1 | 0 | |a Mitos y leyendas de los Mayas |
| 300 | |a 190 p | ||
| 942 | |c BK | ||
| 945 | |d 19990611 00:00:00 |a vberengu | ||
| 260 | |a Barcelona |b Edicomunicación |c 1998 | ||
| 600 | 0 | 7 | |a MAYAS |2 CL-VaPUC |9 351727 |
| 650 | 0 | |a Mitología |9 255719 | |
| 650 | 0 | |a Historia |9 255047 | |
| 650 | 7 | |a CIVILIZACION PRECOLOMBINA |2 CL-VaPUC |9 430315 | |
| 650 | 0 | |a Cultura |9 269059 | |
| 650 | 0 | |a Pintura |9 265046 | |
| 651 | 0 | |a México |9 255269 | |
| 583 | |a last modification |c 19990611 00:00:00 |k Rodrigo Vera | ||
| 490 | 0 | |a Colección Olimpo | |
| 999 | |c 281574 |d 281572 | ||
| 952 | |0 0 |1 0 |4 0 |6 972_004970000000000_AYA_1998 |7 0 |8 A |9 322421 |a BIBHIS |b BIBHIS |d 2019-11-20 |i 3530035 |o 972.00497 AYA 1998 |p 3530035 |r 2025-01-20 |w 2019-11-20 |y BK |k HIS | ||
| 952 | |0 0 |1 0 |4 0 |6 972_004970000000000_AYA_1998 |7 0 |8 A |9 322422 |a BIBHIS |b BIBHIS |d 2019-11-20 |i 3818144 |o 972.00497 AYA 1998 |p 3818144 |r 2025-01-20 |w 2019-11-20 |y BK |k HIS | ||
| 952 | |0 0 |1 0 |4 0 |6 972_004970000000000_AYA_1998 |7 0 |8 A |9 322423 |a BIBHIS |b BIBHIS |d 2019-11-20 |i 3830330 |o 972.00497 AYA 1998 |p 3830330 |r 2025-01-20 |w 2019-11-20 |y BK |k HIS | ||